Historia de Unión Vasca de Bahía Blanca
Gardado en:
| Main Authors: | , , , |
|---|---|
| Formato: | Libro |
| Idioma: | Lingua castelá inglés catalán |
| Publicado: |
San Sebastián
Eusko Jaurlaritza
2003
|
| Series: | Colección Urazandi Bilduma, 8
|
| Subjects: | |
| Tags: |
Engadir etiqueta
Sen Etiquetas, Sexa o primeiro en etiquetar este rexistro!
|
MARC
| LEADER | 00000nam a2200000 a 4500 | ||
|---|---|---|---|
| 001 | UCL5860 | ||
| 003 | CL-VaPUC | ||
| 008 | 040319e20030000sp |||||||||||||||||spa|d | ||
| 020 | |a 8445719998 | ||
| 041 | 0 | 7 | |a spa |2 CL-VaPUC |
| 041 | 0 | 7 | |a eng |2 CL-VaPUC |
| 041 | 0 | 7 | |a cat |2 CL-VaPUC |
| 082 | 0 | 4 | |a 303.482 |b MIN |2 21 |
| 100 | |a Minervino, Mario |e autor |9 483567 | ||
| 700 | 0 | |a Bracamonte, Lucía |e author |9 483568 | |
| 700 | 0 | |a Romero, Fernando Gabriel |e author |9 483569 | |
| 700 | 0 | |a Ramírez Garciandía, Marta Susana |e author |9 483570 | |
| 245 | 1 | 0 | |a Historia de Unión Vasca de Bahía Blanca |
| 300 | |a 267 p | ||
| 942 | |c BK | ||
| 945 | |d 20040319 00:00:00 |a cmena | ||
| 260 | |a San Sebastián |b Eusko Jaurlaritza |c 2003 | ||
| 600 | 0 | 7 | |a COMUNIDAD VASCA |2 CL-VaPUC |9 483571 |
| 650 | 0 | |a Influencia social |9 309315 | |
| 650 | 0 | |a Emigración |9 343094 | |
| 650 | 0 | |a Cambio social |9 256857 | |
| 650 | 0 | |a Costumbres y tradiciones |9 268292 | |
| 650 | 0 | |a Desarrollo económico y social |9 256320 | |
| 583 | |a last modification |c 20150507 04:05:30 |k Rodrigo Vera | ||
| 490 | 0 | |a Colección Urazandi Bilduma, 8 | |
| 999 | |c 308240 |d 308238 | ||
| 952 | |0 0 |1 0 |4 0 |6 303_482000000000000_MIN_2003 |7 0 |8 A |9 374584 |a BIBHIS |b BIBHIS |d 2019-11-21 |i 3988007 |o 303.482 MIN 2003 |p 3988007 |r 2025-01-20 |w 2019-11-21 |y BK |k HIS | ||